Gyermekkarok

Bibliographic Details
Main Author: Janda, Iván, 1923-2007 (Author)
Format: Book
Language:Hungarian
Published: Bratislava Osvetový ústav 1962
Subjects:

MARC

LEADER 00000cam a2200000 a 4500
001 vtls001404543
003 SK-MaSNL
005 20260302072029.0
008 180129s1962 xo gal grf 00000 hun
015 |a SNBA1962 
020 |q (brožované) 
035 |a SNK000359120 
040 |a SNK  |b slo  |c SNK  |e AACR2 
041 0 |a hun 
044 |a xo  |c SK 
072 7 |a 78  |x Hudba  |2 konspekt 
072 7 |a 784  |x Vokálna hudba  |2 konspekt 
080 |a 78:061  |2 2011 
080 |a 78:061]-053.2  |2 2001 
080 |a (072)  |2 2011 
100 1 |a Janda, Iván,  |d 1923-2007  |4 aut  |9 186329 
245 1 0 |a Gyermekkarok  |c összeálította Ivan Janda 
246 1 1 |a Detské sbory 
260 |a Bratislava  |b Osvetový ústav  |c 1962 
300 |a 135 strán  |b ilustrácie, noty, schémy, tabuľky  |c 28 cm 
366 |e 300 kusov 
500 |a Názov súbežne slovensky 
650 0 7 |a detské zbory  |2 SNKPH  |9 65407 
650 0 7 |a spevácke zbory  |2 SNKPH  |9 3197 
655 7 |a metodické príručky  |2 SNKPH  |9 70250 
958 |a RK 
958 |a TL 
958 |a OND 
958 |a HU 
958 |a RM 
999 |c 1154708  |d 1156638 
952 |t P60, <03>, [BOOK], {603}  |a SNK  |b SNK  |y PREZ  |7 0  |p 17A0265624  |o snkSB 9720  |i snkKSP 625/63  |0 0  |1 0  |4 0  |d 2001-01-11  |f 1  |l 0  |r 2005-01-02 00:00:00  |w 2026-02-24 
952 |t P60, <04>, [BOOK], {604}  |a SNK  |b SNK  |y VYP  |7 0  |p 17A0265792  |o snkSB 9720 D1  |i snkKSP 626/63  |0 0  |1 0  |4 0  |d 2001-01-11  |l 0  |r 2005-01-02 00:00:00  |w 2026-02-24